000 00535nam a2200229Ia 4500
003 OSt
005 20220928141820.0
006 a|||||r|||| 00| 0
007 ta
008 220927b |||||||| |||| 00| 0 eng d
024 _a17816
037 _cTextual
040 _aSDCL
_cSDCL
_beng
041 _2eng
_aeng
082 _aX:87, L3
100 _aBetts Peter W
_9502315
245 0 _aSupervisory studies
250 _a2
260 _c1973
942 _hX:87, L3
_cTEXL
_2CC
999 _c820098
_d820098